[Event "NOR-chB"]
[Site "Oslo"]
[Date "2023.07.07"]
[Round "8"]
[White "Schouten, Ken Ronny"]
[Black "Huby, Joachim"]
[Result "1-0"]
[WhiteElo "1339"]
[BlackElo "1310"]
[PlyCount "55"]
[EventDate "2023.06.30"]
[EventType "swiss"]
[EventRounds "9"]
[EventCountry "NOR"]
[SourceTitle "EXT 2024"]
[Source "ChessBase"]
[SourceDate "2023.10.10"]
[SourceVersion "1"]
[SourceVersionDate "2023.10.10"]
[SourceQuality "1"]

1. d4 Nf6 2. Bf4 c5 3. e3 Nd5 4. Bg3 Qb6 5. Nc3 Nxc3 6. bxc3 e6 7. Nf3 Be7 8. Be2 0-0 9. 0-0 Nc6 10. d5 exd5 11. Qxd5 Bf6 12. Bd6 Be7 13. Rab1 Qa5 14. Rb5 Qxc3 15. Rxc5 Qf6 16. Bxe7 Nxe7 17. Qb3 b6 18. Rc3 Bb7 19. Rd1 Bd5 20. Qa3 Be6 21. Bb5 Bg4 22. Rd6 Qf5 23. Bxd7 Qh5 24. Bxg4 Qxg4 25. Rd4 Qe6 26. Rc7 Nf5 27. Rdd7 Rfd8 28. Rxa7 1-0